| 000 | 00509nam a22001817a 4500 | ||
|---|---|---|---|
| 003 | CEME | ||
| 005 | 20210628210425.0 | ||
| 008 | 210201b xxu||||| |||| 00| 0 eng d | ||
| 020 | _a81-203-2465-X | ||
| 040 | _c. | ||
| 082 | _a511.322 PED | ||
| 100 |
_aGomide, Fernando, Pedrycz, Witold _979349 |
||
| 245 | _aAn introduction to fuzzy sets,analysis and design | ||
| 260 |
_aNEW DELHI _bPRENTICE HALL INDIA _c1998 |
||
| 300 | _aX,465P | ||
| 650 |
_aFUZZY SETS ANALYSIS AND DESIGN _979350 |
||
| 942 |
_cBK _2ddc |
||
| 999 |
_c584393 _d584393 |
||